| 000 | 00359nam a22001577a 4500 | ||
|---|---|---|---|
| 003 | OSt | ||
| 008 | 230509b |||||||| |||| 00| 0 eng d | ||
| 020 | _a9788180943133 | ||
| 041 | _aeng | ||
| 082 |
_a530 _bMOH/IN |
||
| 100 |
_aMohan, S _95451 |
||
| 245 | _aIntroduction to engineering physics | ||
| 260 |
_aChennai _bMJP _c2022 |
||
| 300 | _a252 | ||
| 942 | _cBK | ||
| 999 |
_c17686 _d17686 |
||